Statistics for My Favorite NBA Players

Click here to take the quiz!

General Stats

  • This quiz has been taken 38 times
    (21 since last reset)
  • The average score is 7 of 8

Answer Stats

Hint Answer % Correct
WarriorsStephen Curry
100%
PelicansAnthony Davis
100%
RocketsJames Harden
100%
WarriorsKlay Thompson
86%
TimberwolvesKarl-Anthony Towns
86%
CelticsKryie Irving
81%
TimberwolvesJimmy Butler
71%
BucksGiannis Antetokounmpo
52%

Score Distribution

Percentile by Number Answered

Percent of People with Each Score

Your Score History

You have not taken this quiz since the last reset